Võ lâm Việt Nam Ngũ hổ - Trấn Sơn : Bài quyền tứ môn hùng quyền
Giới thiệu các bước tập, các tư thế trong bài võ Tứ môn hùng quyền
Saved in:
| Main Author: | |
|---|---|
| Format: | Book |
| Language: | Undetermined |
| Published: |
Thành phố Hồ Chí Minh
Nhà xuất bản Thành phố Hồ Chí Minh
2005
|
| Subjects: | |
| Tags: |
Add Tag
No Tags, Be the first to tag this record!
|
| Institutions: | Trung tâm Học liệu Trường Đại học Cần Thơ |
|---|
| LEADER | 00781nam a2200217Ia 4500 | ||
|---|---|---|---|
| 001 | CTU_95688 | ||
| 008 | 210402s9999 xx 000 0 und d | ||
| 020 | |c 8000 | ||
| 082 | |a 796.8153 | ||
| 082 | |b Th107 | ||
| 100 | |a Trần, Thành | ||
| 245 | 0 | |a Võ lâm Việt Nam Ngũ hổ - Trấn Sơn : | |
| 245 | 0 | |b Bài quyền tứ môn hùng quyền | |
| 245 | 0 | |c Trần Thành | |
| 260 | |a Thành phố Hồ Chí Minh | ||
| 260 | |b Nhà xuất bản Thành phố Hồ Chí Minh | ||
| 260 | |c 2005 | ||
| 520 | |a Giới thiệu các bước tập, các tư thế trong bài võ Tứ môn hùng quyền | ||
| 650 | |a Taekwondo,Karate | ||
| 904 | |i Tuyến | ||
| 980 | |a Trung tâm Học liệu Trường Đại học Cần Thơ | ||